Architektura IBM PC XT : Díl 1 /

Enregistré dans:
Détails bibliographiques
Auteur principal: Vrátil, Zdeněk (Auteur)
Format: Livre
Langue:tchèque
Publié: Sokolov : Konzult and Gethon audio and computer, 1990
Tags: Ajouter un tag
Pas de tags, Soyez le premier à ajouter un tag!

MARC

LEADER 00000nam a22000003a 4500
001 stu17153
005 20150617225758.7
008 ------s1990----cs------------------cze-d
040 |a STU  |b slo 
041 0 |a cze 
044 |a cs 
080 |a 681.3.06 
100 1 |a Vrátil, Zdeněk  |4 aut 
245 1 |a Architektura IBM PC XT :  |b Díl 1 /  |c [aut.]Vrátil,Zdeněk 
260 |a Sokolov :  |b Konzult and Gethon audio and computer,  |c 1990 
300 |a 232 s :  |b Obr.,tab 
996 |b CB1179  |c C*B1179  |l CCXXXIV  |s P  |a 0  |w stu17153_0001